Gemeinden Landkreis Miltenberg - Statistiken

Allgemein
  • Dieses Quiz wurde 73 mal gespielt
  • Das Durchschnittsergebnis liegt bei 17 aus 32
Antwortstatistiken
Einwohner Gemeindeart Gemeinde % Korrekt
9.304 Stadt, Kreisstadt Miltenberg
97%
8.659 Stadt Obernburg am Main
87%
9.138 Markt Elsenfeld
77%
10.258 Stadt Erlenbach am Main
74%
5.724 Markt Kleinwallstadt
72%
4.117 Gemeinde Großwallstadt
69%
6.150 Stadt Klingenberg am Main
69%
5.079 Markt Großheubach
67%
3.731 Markt Kleinheubach
67%
3.971 Stadt Amorbach
64%
4.706 Stadt Wörth am Main
64%
4.242 Markt Bürgstadt
59%
7.290 Markt Sulzbach am Main
59%
4.913 Gemeinde Niedernberg
54%
2.483 Gemeinde Eichenbühl
51%
2.560 Gemeinde Faulbach
51%
1.770 Gemeinde Dorfprozelten
49%
3.832 Markt Eschau
49%
1.539 Stadt Stadtprozelten
49%
2.208 Markt Weilbach
49%
4.767 Gemeinde Leidersbach
46%
1.461 Gemeinde Laudenbach
44%
2.415 Gemeinde Collenberg
41%
2.576 Markt Mönchberg
41%
1.647 Gemeinde Röllbach
41%
1.769 Markt Schneeberg
41%
2.211 Markt Kirchzell
31%
1.463 Gemeinde Neunkirchen
31%
740 Gemeinde Rüdenau
31%
1.253 Gemeinde Altenbuch
26%
4.889 Gemeinde Mömlingen
26%
1.878 Gemeinde Hausen
23%
Keine übereinstimmenden Quizze gefunden
Verteilung der Resultate
Anzahl Personen mit jedem Resultat
Perzentil nach korrekt beantworteten Fragen
Ihre Resultats-Entwicklung
Sie haben dieses Quiz noch nicht gespielt